000 00374nam a22001577a 4500
003 OSt
008 230517b |||||||| |||| 00| 0 eng d
020 _a81-7236-230-7
100 _aCSIR
245 _aWEALTH OF INDIA: RAW MATREIALS:D-I
250 _aRepriented 2013
260 _aNew Delhi
_bNISCAIR
300 _axx,351,36
650 _aPHARMACOGNOSY
942 _2ddc
_cREF
999 _c12065
_d12065